| 000 | 00468nam a2200169Ia 4500 | ||
|---|---|---|---|
| 003 | GCL | ||
| 008 | 140319s9999 xx 000 0 ara d | ||
| 040 |
_aGCL / _cGCL |
||
| 082 | 0 | 4 |
_a276.1 _bف ا |
| 100 | 1 | _aفهيم عزيز | |
| 245 | 1 | 0 |
_aالفكر اللاهوتى فى رسائل الرسول بولس / _cفهيم عزيز |
| 260 |
_a[S.N] : _bدار الجيل ، _c1977 |
||
| 300 | _a443 ص | ||
| 490 | _a | ||
| 650 | 0 | 4 | _aاللاهوت |
| 942 |
_2ddc _cBK |
||
| 999 |
_c53158 _d53158 |
||